Teoría general del delito

Uloženo v:
Podrobná bibliografie
Hlavní autor: Carnelutti, Francesco (Autor)
Médium: Kniha
Jazyk:španělština
Vydáno: Santiago Círculo Legal 2008
Vydání:1a. ed
Edice:Clásicos del Derecho
Témata:
Tagy: Přidat tag
Žádné tagy, Buďte první, kdo vytvoří štítek k tomuto záznamu!

MARC

LEADER 00000nam a2200000 a 4500
001 UCH5143
003 CL-VaPUC
008 091001e20080000CL |||||||||||||||||spa|d
020 |a 9789568396022 
082 0 4 |a 345.02  |b CAR  |2 21 
100 0 |a Carnelutti, Francesco  |e author  |9 384867 
245 1 0 |a Teoría general del delito 
250 |a 1a. ed 
300 |a 339 p 
942 |c BK 
945 |d 20091001 00:00:00  |a rbrito 
260 |a Santiago  |b Círculo Legal  |c 2008 
650 0 |a Delitos  |9 224143 
650 7 |a DERECHO PENAL  |2 CL-VaPUC  |9 11 
650 0 |a Actos jurídicos  |9 255748 
650 0 |a Teoría del delito  |9 258906 
583 |a last modification  |c 20180511 12:25:25  |k Rodrigo Vera 
490 0 |a Clásicos del Derecho 
999 |c 336334  |d 336332 
952 |0 0  |1 0  |4 0  |6 345_020000000000000_CAR_2008  |7 0  |8 A  |9 427493  |a BIBDER  |b BIBDER  |d 2019-11-22  |i 4604334  |l 1  |o 345.02 CAR 2008  |p 4604334  |r 2022-11-02  |s 2022-10-28  |w 2019-11-22  |y BK  |k DER